| 000 | 00446nam a2200157 a 4500 | ||
|---|---|---|---|
| 005 | 20140414093840.0 | ||
| 008 | 071008s19uu xx 00 eng d | ||
| 020 | _a1-4166-0323-9 | ||
| 050 |
_aDVD 370 _bASC 2005 |
||
| 100 | _aASCD | ||
| 245 |
_aBest practices in action : _busing visualization to enhance background knowledge / _cASCD. |
||
| 260 |
_aSl : _bASCD, _cc2005. |
||
| 300 | _a1 videodisk (20 min.) | ||
| 942 | _cAVM | ||
| 999 |
_c109221 _d109221 |
||